000
00226nam a22000857a 4500
008
160708b xxu||||| |||| 00| 0 eng d
100
_9
2447
_a
Aneja O.P
245
_a
How to play Cricket
260
_a
New Delhi
_b
Prerna Publication
_c
2012
999
_c
2118
_d
2118